| 000 | 00553nam a2200205 u 4500 | ||
|---|---|---|---|
| 005 | 20210223132656.0 | ||
| 008 | 150624s2005 mx r 000 0 spa d | ||
| 020 | _a9706886214 | ||
| 035 | _aUPN01000204477 | ||
| 049 | _aI | ||
| 050 | 4 |
_aPZ74.3 _bL8.8 |
|
| 100 | 1 |
_aLuján, Jorge _932768 |
|
| 245 | 1 | 0 |
_aSer y parecer / _cJorge Luján ; il. Isol. |
| 260 |
_aMéxico : _bSM, _c2005. |
||
| 300 |
_a[24] p. : _bprincipalmente il. col. |
||
| 440 | 0 | _aGiraluna | |
| 650 | 4 |
_aPOESIA INFANTIL ARGENTINA _911596 |
|
| 905 | _aInfantil | ||
| 999 |
_c176578 _d176578 |
||